| 000 | 00757cam a22002653a 4500 | ||
|---|---|---|---|
| 001 | 10302 | ||
| 003 | PGUSA | ||
| 005 | 20140828083222.0 | ||
| 008 | 031101s2003||||xxu|||||s|||||000 | eng d | ||
| 040 |
_aPGUSA _beng |
||
| 042 | _adc | ||
| 050 | 4 | _aM | |
| 245 | 1 | 0 |
_aJust Because She Made Dem Goo-Goo Eyes _h[electronic resource] |
| 260 |
_bProject Gutenberg, _c2003 |
||
| 500 | _aRecorded December 29, 1901. | ||
| 506 | _aPublic domain in the USA. | ||
| 516 | _aElectronic text | ||
| 653 | _aPopular music -- 1901-1910 | ||
| 653 | _aMinstrel shows -- Songs and music | ||
| 700 | 1 |
_aCannon, Hughie L., _d1877-1912 |
|
| 700 | 1 | _aDobbs, John | |
| 830 | 0 |
_aProject Gutenberg _v10302 |
|
| 856 | 4 | 0 | _uhttp://www.gutenberg.org/ebooks/10302 |
| 942 | _cEB | ||
| 999 |
_c239557 _d239557 |
||